00729nam a2200157 a 450000100100000000500170001000800410002704000130006804100130008108200160009410000300011024503330014026000360047330000280050950000340053700001068720200929162256.0091009s1987 dr a 001 0 spa d aDO-SdBNP17aspa2eng axxxxbE821m1 aEstrada Torres, Aristides10aManual médico para viajeros e inmigrantes = Medical manual for travelers and immigrants :bcódigo para consultas con médicos extranjeros. Intrucciones para casos de emergencia. Notas importantes =code for consultation with fareign physicians. Instructians for emergency cases. Importants notes /cAristides Estrada Torres. aSanto Domingo :aTaller,c1987. a159 p. :bil. ;c21 cm. aTexto en inglés y español